Extreme golf

Bibliographic Details
Main Author: Concannon, Dale
Format: Book
Published: Gloucestershire : Sutton Publishing Limited , 2002
Subjects:

MARC

LEADER 00000cam a2200000 7i4500
001 0000156708
005 20111130.0
020 |a 0750931590 
090 0 0 |a 796.352   |b CON 
100 1 |a Concannon, Dale 
245 1 0 |a Extreme golf   |c Dale Concannon 
260 |a Gloucestershire :   |b Sutton Publishing Limited ,   |c 2002 
300 |a 136p. ;   |c 27cm. 
650 0 0 |a Golf 
650 0 0 |a Sports 
999 |a 00247922   |b BUKU   |c RUJUKAN   |e PERPUSTAKAAN KOMUNITI PETALING JAYA